000 00307nam a2200133Ia 4500
005 20251222141841.0
008 251222s9999||||xx |||||||||||||| ||spa||
020 _a2-7022-0429-5
082 _a730.944/B81
100 _aMonsel, Philippe
245 0 _aBrancusi:
264 _bDécouvrons L'Art
942 _cLIB
999 _c7411
_d7411